000 00657nam a2200205Ii 4500
003 JO-AjNU
008 230605s9999||||xx |||||||||||||| ||und||
040 _aJO-AjNU
_bara
_erda
_cJO-AjNU
041 _aara
050 1 4 _aHX 521.F55 1973
100 3 _aفيشر، ارنست ؛ ترجمة اسعد حليم,
_eauthor
_939817
245 0 0 _aالاشتراكية والفن
250 _aط1
264 3 1 _aبيروت: دار القلم ، 1973
300 _a199ص
336 _atext
_btxt
_2rdacontent
337 _aunmediated
_bn
_2rdamedia
338 _avolume
_bnc
_2rdacarrier
650 4 _aالجمال - علم - الاشتراكية - الفن
_939818
999 _aA16848
_c20416
_d20416